| 000 | 00529nam a2200193 a 4500 | ||
|---|---|---|---|
| 001 | 1770451648260 | ||
| 003 | YourLibrary | ||
| 005 | 20260207134015.0 | ||
| 008 | 260207s2006##################000#0#eng## | ||
| 020 | _a9780071472340 | ||
| 082 | 0 | 4 |
_a332.6324 _bMOR |
| 100 | 1 |
_aBromma, Lisa Moren, _eauthor. |
|
| 245 | 1 | 0 | _aReal Estate Investing for the Utterly Confused : |
| 260 |
_bMcGraw-Hill, _c2006. |
||
| 300 | _a260 pages | ||
| 650 | 0 | _aBusiness & Economics. | |
| 942 | _cENGLISH | ||
| 040 |
_aYourLibrary _beng _cYourLibrary |
||
| 999 |
_c610806 _d610806 |
||